[Event "Ch Provence"]
[Site "masterchessopen.com Provence (France)"]
[Round "4"]
[White "Maruejols Claude (FRA)"]
[Black "Jean Olivier (FRA)"]
[Result "0-1"]
[WhiteElo "2032"]
[BlackElo "2186"]

1.d4 Nf6 2.c4 e6 3.Nc3 Bb4 4.e3 b6 5.Ne2 Ba6 6.a3 Bxc3+ 7.Nxc3 d5 8.b3 O-O
9.Bd3 dxc4 10.bxc4 Nc6 11.a4 e5 12.d5 Na5 13.Ba3 Re8 14.Nb5 Nb7 15.O-O Nc5
16.Bxc5 bxc5 17.e4 Qd7 18.Rb1 c6 19.Nc3 cxd5 20.cxd5 c4 21.Bc2 Qd6 22.Qd2 Rab8
23.Qe3 Re7 24.Rxb8+ Qxb8 25.Rb1 Rb7 26.Qc5 Rxb1+ 27.Bxb1 Qb2 28.Qe3 Ng4 29.Qe1
Nxf2 30.d6 Bc8 31.Nd5 Nd3 32.Bxd3 cxd3 33.Qc3 Qxc3 34.Nxc3 Kf8 35.Kf2 Ke8
36.Ke3 Ba6 37.Nb5 Bxb5 38.axb5 Kd7 39.Kxd3 Kxd6 40.Kc4 g6 41.g4 f6 42.Kb4 Ke6
{#R} 0-1

[Event "It (open)"]
[Site "masterchessopen.com Sautron (France)"]
[Round "4"]
[White "Stocek Jiri (CZE)"]
[Black "Istratescu Andrei (ROM)"]
[Result "0-1"]
[WhiteElo "2569"]
[BlackElo "2611"]

1.d4 Nf6 2.c4 e6 3.Nc3 Bb4 4.e3 b6 5.Ne2 Ba6 6.Ng3 Bxc3+ 7.bxc3 d5 8.Ba3 Bxc4
9.Bxc4 dxc4 10.O-O h5 11.Qf3 Qd5 12.e4 Qg5 13.h3 Nc6 14.Qe2 Qb5 15.Rfb1 Qa4
16.d5 Ne5 17.dxe6 fxe6 18.Bb4 h4 19.Qd2 Nd3 20.Ne2 Qd7 21.Qg5 Nd5 22.e5 c6
23.Ba3 c5 24.Rf1 O-O 25.Qxh4 N5f4 26.Nxf4 Rxf4 27.Qg3 Raf8 28.f3 Qd5 29.Bc1
R4f5 30.f4 Nxe5 31.Be3 Nd3 32.Rad1 b5 33.a3 a5 34.Bd2 Qe4 35.Rb1 Qc6 36.Kh2 e5
37.Qf3 e4 38.Qg4 R5f6 39.f5 b4 40.axb4 cxb4 41.cxb4 axb4 42.Bg5 c3 43.Bxf6
Rxf6 44.Ra1 c2 45.Ra7 Rf7 46.Rxf7 Kxf7 47.Qh5+ Ke7 48.Qg5+ Qf6 49.Qe3 Qe5+
50.g3 c1=Q {#R} 0-1

[Event "It (open)"]
[Site "masterchessopen.com Nova Gorica (Slovenia)"]
[Round "2"]
[White "Raspor Gregor (SLO)"]
[Black "Zelcic Robert (CRO)"]
[Result "0-1"]
[WhiteElo "2156"]
[BlackElo "2531"]

1.d4 Nf6 2.c4 e6 3.Nc3 Bb4 4.e3 b6 5.Ne2 Ba6 6.a3 Be7 7.Ng3 d5 8.b3 O-O 9.Bd3
c5 10.cxd5 Bxd3 11.Qxd3 Nxd5 12.Bb2 cxd4 13.Nxd5 Qxd5 14.Qxd4 Qxd4 15.Bxd4 Nc6
16.Bc3 Na5 17.b4 Rac8 18.Ne2 Nc4 19.a4 Nd6 20.f3 Nf5 21.e4 Ne3 22.Kf2 Nc2
23.Rab1 Rc4 24.b5 Rfc8 25.Rhc1 Rxc3 26.Nxc3 Rxc3 27.Rb2 Ne3 28.Rxc3 Nd1+
29.Ke1 Nxc3 30.Rc2 Bb4 31.Kf1 g5 32.Rc1 Kg7 33.Ra1 Kf6 34.Kf2 Bc5+ 35.Ke1 Bd6
36.h3 Ke5 37.Kd2 Kd4 38.Kc2 Kc4 39.Kb2 Be5 40.Ra3 Nxb5+ {#R} 0-1

[Event "Landesliga South 2002/03"]
[Site "masterchessopen.com Germany"]
[Date "2003.03.30"]
[Round "9"]
[White "Fedorovsky Michael (GER)"]
[Black "Fauth Dietmar Dr (GER)"]
[Result "0-1"]
[WhiteElo "2312"]
[BlackElo "2245"]

1.d4 Nf6 2.c4 e6 3.Nc3 Bb4 4.e3 b6 5.Ne2 Ba6 6.a3 Be7 7.Nf4 O-O 8.e4 d6 9.Bd3
e5 10.Nfe2 c5 11.d5 Bc8 12.O-O Re8 13.h3 Nbd7 14.Kh1 a6 15.g4 h6 16.Ng3 Nf8
17.Nf5 Ng6 18.Ne2 Nh7 19.f4 exf4 20.Nxf4 Bg5 21.Nh5 Bxf5 22.gxf5 Ne5 23.Rg1
Qe7 24.f6 Nxf6 25.Bxg5 hxg5 26.Rxg5 Nxd3 27.Rxg7+ Kf8 28.Qxd3 Nxh5 29.Rh7
Qxe4+ 30.Qxe4 Ng3+ 31.Kh2 Nxe4 32.Rf1 f6 33.h4 Kg8 34.Rd7 Kh8 35.Rf4 Re5
36.Rb7 b5 37.cxb5 axb5 38.Rxb5 Rae8 39.Rb7 Rxd5 40.Rg4 Rd2+ 41.Kg1 Rg8
42.Rxg8+ Kxg8 43.a4 c4 44.a5 Nc5 45.Rb4 Kf7 46.Rxc4 Rxb2 47.Rd4 Ke6 48.h5 Ra2
{#R} 0-1

[Event "It (open)"]
[Site "masterchessopen.com Portoroz (Slovenia)"]
[Date "2003.05.03"]
[Round "9"]
[White "Nedimovic Ljubisa (SLO)"]
[Black "Raspor Gregor (SLO)"]
[Result "1-0"]
[WhiteElo "2200"]
[BlackElo "2156"]

1.d4 Nf6 2.c4 e6 3.Nc3 Bb4 4.e3 b6 5.Ne2 Ba6 6.a3 Be7 7.Ng3 d5 8.b3 O-O 9.Be2
c5 10.dxc5 bxc5 11.cxd5 Bxe2 12.Ngxe2 exd5 13.O-O Nc6 14.Qc2 Qa5 15.Rd1 Rfd8
16.Bd2 Qa6 17.Nf4 Rac8 18.g3 d4 19.Na4 Ne5 20.Ng2 Nf3+ 21.Kh1 c4 22.Bb4 d3
23.Qb2 Bxb4 24.axb4 Ne4 25.Nc5 Qh6 26.Nh4 c3 27.Qc1 Nxf2+ 28.Kg2 Nxd1 29.Nxf3
Nxe3+ 30.Kg1 d2 31.Qxc3 d1=Q+ 32.Rxd1 Rxd1+ 33.Kf2 Ng4+ 34.Kg2 Qxh2+ 35.Nxh2
Nxh2 36.Kxh2 Re8 37.Nd3 g6 38.Nf4 Rde1 39.Nd5 R8e2+ 40.Kh3 Rh1+ 41.Kg4 h5+
42.Kg5 Kf8 43.Kh6 {#r} 1-0

[Event "Ch NRW (1 liga)"]
[Site "masterchessopen.com Germany"]
[Date "2003.05.04"]
[Round "9"]
[White "Lemanczyk Thomas (GER)"]
[Black "Corssen Stefan Dr (GER)"]
[Result "1-0"]
[WhiteElo "2248"]
[BlackElo "2070"]

1.d4 Nf6 2.c4 e6 3.Nc3 Bb4 4.e3 b6 5.Ne2 Ba6 6.a3 Bxc3+ 7.Nxc3 d5 8.b3 O-O
9.Bd3 Nc6 10.cxd5 Bxd3 11.Qxd3 Nxd5 12.Bb2 Nxc3 13.Qxc3 Qd5 14.O-O Ne7 15.b4
Rac8 16.f3 Qg5 17.e4 Rfd8 18.Rae1 c5 19.dxc5 Rd2 20.Rf2 Rxf2 21.Kxf2 bxc5
22.b5 Rd8 23.g3 Qd2+ 24.Re2 Qd4+ 25.Qe3 Qd6 26.Bc3 Qb6 27.a4 f6 28.Rb2 f5
29.a5 Qb7 30.Qg5 g6 31.Qf6 {#r} 1-0

[Event "Ch Attika (open)"]
[Site "masterchessopen.com Attika (Greece)"]
[Date "2003.05.12"]
[Round "4"]
[White "Kapnisis Spyridon (GRE)"]
[Black "Georgakopoulos Angelos (GRE)"]
[Result "1-0"]
[WhiteElo "2435"]
[BlackElo "2009"]

1.d4 Nf6 2.c4 e6 3.Nc3 Bb4 4.e3 b6 5.Ne2 Ba6 6.a3 Be7 7.Nf4 O-O 8.e4 d6 9.d5
e5 10.Nh5 Bc8 11.Ng3 Re8 12.Bd3 a5 13.O-O Nbd7 14.Rb1 Nf8 15.Nf5 Ng6 16.Qf3
Bf8 17.Bg5 h6 18.Nxh6+ gxh6 19.Bxf6 Be7 20.Bxe7 Qxe7 21.Ne2 Kh7 22.Ng3 Rg8
23.Nf5 Qf6 24.g3 Nf4 25.Bc2 Bxf5 26.exf5 Rg5 27.Kh1 {#r} 1-0

[Event "Memorial Y.Sakharov"]
[Site "masterchessopen.com Kiev (Ukraine)"]
[Date "2003.07.15"]
[Round "9"]
[White "Garifulin Alexander (UKR)"]
[Black "Taborov Boris (UKR)"]
[Result "0-1"]
[WhiteElo "2294"]
[BlackElo "2446"]

1.d4 Nf6 2.c4 e6 3.Nc3 Bb4 4.e3 b6 5.Ne2 Ba6 6.a3 Bxc3+ 7.Nxc3 d5 8.b3 O-O
9.Be2 dxc4 10.bxc4 Nc6 11.Qa4 Na5 12.Bb2 Qe7 13.Rc1 c5 14.O-O Bb7 15.Rfd1 Rfd8
16.Nb1 Rac8 17.Nd2 Bc6 18.Qc2 Qe8 19.Qb1 Ba4 20.Re1 Qe7 21.Qa1 Bc6 22.Bf1 Ne4
23.Nxe4 Bxe4 24.Qa2 Qg5 25.Ba1 Rd7 26.Kh1 cxd4 27.f4 Qf5 28.Qb2 Bd3 29.Qb5
Rdd8 30.Bxd3 Qxd3 31.Bxd4 Nb3 32.Red1 Nxd4 33.exd4 Qxa3 34.Ra1 Rxd4 35.h3 Qd6
36.Rxd4 Qxd4 37.Rxa7 h6 38.Rd7 Qxf4 39.Qxb6 Rxc4 40.Qd8+ Kh7 41.Rd1 Rc1
42.Qd3+ f5 {#R} 0-1

[Event "Oberliga NRW 2003/04"]
[Site "masterchessopen.com Germany"]
[Date "2003.11.09"]
[Round "3"]
[White "Lamby Philipp (GER)"]
[Black "Walter Kurt (GER)"]
[Result "1-0"]
[WhiteElo "2220"]
[BlackElo "2142"]

1.d4 Nf6 2.c4 e6 3.Nc3 Bb4 4.e3 b6 5.Ne2 Ba6 6.Qa4 c5 7.a3 Bxc3+ 8.Nxc3 O-O
9.dxc5 bxc5 10.Be2 d5 11.O-O Qc8 12.Bd2 Nbd7 13.cxd5 Bxe2 14.Nxe2 exd5 15.Rac1
Qb7 16.Bc3 Ne4 17.Rfd1 c4 18.Nf4 Nxc3 19.bxc3 Nb6 20.Qb5 Rfd8 21.Rb1 Qd7
22.Qxd7 Rxd7 23.Rb5 Rad8 24.h4 g6 25.g4 h6 26.h5 Rd6 27.Ra5 R8d7 28.Rb1 Kg7
29.Rb4 Kf6 30.Rc5 Kg5 31.f3 f5 32.hxg6 fxg4 33.Kf2 h5 34.a4 Rd8 35.Rc7 R8d7
36.Rxd7 Rxd7 37.a5 Nc8 38.Rb8 Ne7 39.g7 {#r} 1-0

[Event "corr."]
[Site "masterchessopen.com France"]
[Round "0"]
[White "Panquin Jean Marc"]
[Black "Da Apresentacao Christophe (FRA)"]
[Result "1-0"]
[WhiteElo "1710"]
[BlackElo "2101"]

1.d4 Nf6 2.c4 e6 3.Nc3 Bb4 4.e3 b6 5.Ne2 Ba6 6.a3 Bxc3+ 7.Nxc3 d5 8.b3 O-O
9.Bd3 c5 10.Bb2 dxc4 11.bxc4 cxd4 12.exd4 Nc6 13.Nb5 e5 14.dxe5 Re8 15.f4 Bxb5
16.cxb5 Na5 17.O-O Nd5 18.Qh5 g6 19.Qf3 Ne7 20.f5 Nb3 21.fxg6 {#r} 1-0

[Event "Ch Belgium (team) (2) 2003/04"]
[Site "masterchessopen.com Belgium"]
[Date "2004.01.18"]
[Round "7"]
[White "Sadkowsky Daniel (BEL)"]
[Black "Bouhallel Rabah (FRA)"]
[Result "0-1"]
[WhiteElo "2332"]
[BlackElo "2337"]

1.d4 Nf6 2.c4 e6 3.Nc3 Bb4 4.e3 b6 5.Ne2 Ba6 6.a3 Be7 7.Ng3 d5 8.cxd5 Bxf1
9.Kxf1 exd5 10.Nf5 O-O 11.g4 Re8 12.f3 Bf8 13.h4 Qd7 14.h5 c6 15.b3 Re6 16.Ra2
Na6 17.Qd3 Nc7 18.g5 Nfe8 19.Rg2 Nd6 20.Nxd6 Bxd6 21.f4 Rae8 22.Ne2 Qe7 23.a4
Rxe3 24.Bxe3 Qxe3 25.Rh3 Qxd3 26.Rxd3 Re4 27.f5 Rh4 28.Ng3 Kf8 29.f6 g6
30.hxg6 hxg6 31.Ne2 Ne6 32.Kf2 Rh5 33.Ng1 Nxg5 34.Nf3 Ne4+ 35.Ke2 Nxf6 36.Rc3
c5 37.dxc5 bxc5 38.b4 Ne4 39.Rd3 c4 40.Rd4 Bxb4 41.Rg1 a5 42.Rc1 Ke7 43.Ne1
Rh2+ 44.Kf3 Ke6 45.Rcd1 f5 46.Ng2 g5 {#R} 0-1

[Event "It \"]
[Site "masterchessopen.com Catalan Bay (England)"]
[Round "5"]
[White "Mohota Nisha (IND)"]
[Black "Milligan Helen (NZL)"]
[Result "1-0"]
[WhiteElo "2286"]
[BlackElo "2077"]

1.d4 Nf6 2.c4 e6 3.Nc3 Bb4 4.e3 b6 5.Ne2 Ba6 6.a3 Bxc3+ 7.Nxc3 d5 8.b3 O-O
9.Be2 dxc4 10.bxc4 Nc6 11.a4 Na5 12.Nb5 c6 13.Na3 Qd7 14.Bd2 Nb7 15.Qc2 c5
16.Bc3 Rac8 17.O-O cxd4 18.Bxd4 Nc5 19.Nb5 Qe7 20.Qb2 Rfd8 21.a5 Bxb5 22.cxb5
Ne8 23.Ra2 f6 24.f4 Nd6 25.axb6 axb6 26.Rfa1 Nde4 27.Ra7 Rd7 28.Qa2 Rcc7
29.Ra8+ Rd8 30.f5 Rcc8 31.Rxc8 Rxc8 32.fxe6 Kf8 33.Bf3 Qd6 34.Rd1 Qc7 35.Qd5
Ng5 36.Bg4 Ke7 37.h4 Ngxe6 38.Bxc5+ Nxc5 39.Bxc8 Qxc8 40.Qd6+ Kf7 41.Qxb6 {#r}
1-0

[Event "It (open)"]
[Site "masterchessopen.com Saint Vincent (Italy)"]
[Date "2004.02.10"]
[Round "4"]
[White "Abeln Michiel (NED)"]
[Black "Zelcic Robert (CRO)"]
[Result "0-1"]
[WhiteElo "2341"]
[BlackElo "2531"]

1.d4 Nf6 2.c4 e6 3.Nc3 Bb4 4.e3 b6 5.Ne2 Ba6 6.Ng3 O-O 7.e4 d6 8.Bd3 e5 9.d5
Nbd7 10.O-O Bxc3 11.bxc3 Nc5 12.Re1 c6 13.Bf1 cxd5 14.exd5 Bc8 15.Be3 Qc7
16.h3 Bd7 17.Qf3 Ne8 18.Nf5 Bxf5 19.Qxf5 Qc8 20.Qb1 f5 21.f3 Nf6 22.a4 Qc7
23.Re2 e4 24.Rf2 exf3 25.gxf3 Rae8 26.Bd4 Nh5 27.Rg2 h6 28.Raa2 Rf7 29.a5 bxa5
30.Qb5 Re1 31.Rae2 Rxe2 32.Rxe2 a6 33.Qe8+ Kh7 34.Re3 a4 35.h4 a3 36.Re2 Ng3
37.Ra2 Re7 38.Qf8 Rf7 39.Qe8 Nxf1 40.Kxf1 Nb3 41.Qa4 Nxd4 42.cxd4 Qb6 43.Qxa3
Qxd4 44.Qxd6 Qxc4+ 45.Re2 Rf6 46.Qd7 Qd3 47.Kf2 Rg6 48.h5 Qd4+ 49.Re3 Rg5 {#R}
0-1

[Event "Ch Russia (juniors) (under 16)"]
[Site "masterchessopen.com Dagomys (Russia)"]
[Round "0"]
[White "Kolesnikov Evgeny (RUS)"]
[Black "Ivanov Alexander S (RUS)"]
[Result "1-0"]
[WhiteElo "2328"]
[BlackElo "2089"]

1.d4 Nf6 2.c4 e6 3.Nc3 Bb4 4.e3 b6 5.Ne2 Ba6 6.Ng3 Bxc3+ 7.bxc3 d5 8.Be2 Bxc4
9.Bxc4 dxc4 10.Qa4+ Qd7 11.Qxc4 Qc6 12.Qxc6+ Nxc6 13.e4 h6 14.f3 O-O-O 15.Ba3
Rd7 16.Nf1 Kb7 17.Ne3 Rhd8 18.Ke2 a5 19.Rab1 Ka6 20.Rhc1 h5 21.Nc2 Ne8 22.e5
Ne7 23.Ne1 c6 24.Rc2 Nc7 25.Bc1 Ncd5 26.Nd3 Rc8 27.c4 Nc7 28.Rcb2 Ra8 29.g4
hxg4 30.fxg4 Rxd4 31.Be3 Rad8 32.Bxd4 Rxd4 33.Rf1 Ng6 34.h3 Re4+ 35.Kd2 Rxc4
{#r} 1-0

[Event "It (open)"]
[Site "masterchessopen.com Dubai (United Arab Emirates)"]
[Date "2004.04.24"]
[Round "6"]
[White "Poulsen Martin (FAI)"]
[Black "Mahjoob Morteza (IRI)"]
[Result "0-1"]
[WhiteElo "2292"]
[BlackElo "2455"]

1.c4 Nf6 2.Nc3 e6 3.d4 Bb4 4.e3 b6 5.Ne2 Ba6 6.a3 Bxc3+ 7.Nxc3 d5 8.b3 O-O
9.Be2 Nc6 10.cxd5 Bxe2 11.Nxe2 exd5 12.Bb2 Ne7 13.Ng3 Qd7 14.O-O c6 15.a4 Rfe8
16.Qd3 h5 17.Ba3 g6 18.Rfe1 h4 19.Bxe7 Rxe7 20.Nf1 h3 21.g3 c5 22.Rac1 Rc8
23.Nd2 Qe6 24.Rc2 Ng4 25.Rec1 Rec7 26.e4 Rd7 27.e5 Rdc7 28.Nf3 Nh6 29.dxc5
bxc5 30.Qd2 Qg4 31.Ne1 Nf5 32.Qxd5 Nd4 33.f3 Qg5 34.f4 Qg4 35.Rxc5 Ne2+ 36.Kh1
Nxc1 37.Rxc7 Rxc7 38.Qd8+ Kg7 39.Qxc7 Qe2 40.Qxc1 Qf1# 0-1

[Event "Cup Mitropa"]
[Site "masterchessopen.com Zemplinska Sirava (Slovakia)"]
[Date "2004.05.02"]
[Round "5"]
[White "Braun Arik (GER)"]
[Black "Landenbergue Claude (SUI)"]
[Result "1-0"]
[WhiteElo "2480"]
[BlackElo "2404"]

1.d4 Nf6 2.c4 e6 3.Nc3 Bb4 4.e3 b6 5.Ne2 Ba6 6.a3 Bxc3+ 7.Nxc3 d5 8.b3 O-O
9.Be2 Nc6 10.a4 dxc4 11.Ba3 Re8 12.b4 Bb7 13.Bxc4 Qd7 14.Qb3 Ne7 15.O-O Nf5
16.Bb5 Bc6 17.Ba6 Rad8 18.Rac1 Nh4 19.f3 e5 20.dxe5 Rxe5 21.Rcd1 Qe8 22.e4
Rxd1 23.Qxd1 Re6 24.Qc2 Nh5 25.Qf2 Ng6 26.Bc4 Rf6 27.b5 Bb7 28.Rd1 Ne5 29.Bf1
g5 30.Qd2 h6 31.Qd8 {#r} 1-0

[Event "Ch Europe"]
[Site "masterchessopen.com Antalya (Turkey)"]
[Date "2004.05.24"]
[Round "9"]
[White "Mamedyarov Shakhriyar (AZE)"]
[Black "Istratescu Andrei (ROM)"]
[Result "0-1"]
[WhiteElo "2660"]
[BlackElo "2611"]

{ } 1.d4 { 1 } 1...Nf6 2.c4 e6 3.Nc3 Bb4 4.e3 b6 5.Ne2 Ba6 6.a3 Bxc3+ 7.Nxc3
d5 8.Qf3 O-O { = } 9.g4 ( 9.cxd5 exd5 10.Bxa6 Nxa6 11.Qe2 Qc8 12.O-O Re8
13.Bd2 c6 14.f3 c5 15.Rac1 Qb7 16.Nb5 Re6 17.b3 Rc8 18.Bc3 Nb8 19.dxc5 bxc5
20.Bxf6 Rxf6 21.Rfd1 Re6 22.Nc3 d4 23.Ne4 Qxb3 24.exd4 c4 25.d5 Ree8 26.Qf2
Qxa3 27.Ra1 Qb4 28.d6 c3 { ...1-0, Chandler Murray G 2450 - Goehring
Karl-Heinz 2335 , Germany 1980 Bundesliga 1980/81 } ) 9...Bb7 ( 9...c6 10.g5
Ne8 11.cxd5 cxd5 12.e4 Bxf1 13.Kxf1 Nc6 14.Be3 dxe4 15.Qxe4 Ne7 16.Rd1 Nc7
17.h4 Ncd5 18.Nxd5 Nxd5 19.Rh3 Qd7 20.Kg2 Rac8 21.Rf3 Qb5 22.Bc1 Qa4 23.Re1
Qc2 24.Qxc2 Rxc2 25.Rb3 Rfc8 26.Be3 Kf8 27.Kf3 Ke7 28.Re2 Kd7 29.Rxc2 {
...0-1, Paehtz Thomas 2455 - Bischoff Klaus 2495 , Germany 1991 Bundesliga
1990/91 } ) ( 9...Qc8 10.Rg1 Bb7 11.g5 Ne4 12.Nxe4 dxe4 13.Qh5 Nd7 14.Bd2 c5
15.Bc3 cxd4 16.exd4 e5 17.Rg3 Qc6 18.d5 Qd6 19.Rh3 h6 20.O-O-O f5 21.gxf6 Qxf6
22.Rg3 Kh7 23.Bg2 g6 24.Bxe4 Rg8 25.Bd2 Rg7 26.Rdg1 Nf8 27.Qxh6+ Kg8 28.Bxg6 {
1-0, Renet Olivier 2517 - Winants Luc 2415 , Budel 1987 It } ) 10.g5 { N } (
10.Bd3 Nbd7 11.g5 Ne4 12.Nxe4 dxe4 13.Bxe4 Bxe4 14.Qxe4 Qxg5 15.Qc6 Nf6 16.Bd2
Qf5 17.f3 Qc2 18.Bc3 Qd3 19.Bd2 Qc2 20.Ke2 Rac8 21.Rac1 Qf5 22.e4 Qh3 23.Rcg1
Nh5 24.Be3 Rfd8 25.Rg4 g6 26.Bf2 e5 27.dxe5 { 1/2-1/2, Bernal Moro Luis Javier
2400 - Rodriguez Lopez Rafael 2315 , Matalascanas 1995 Ch Spain } ) ( 10.Bg2
Nbd7 11.g5 Ne4 12.Nxe4 dxe4 13.Qg4 Qe7 14.Bd2 c5 15.Bc3 Rac8 16.O-O e5 17.d5
f5 18.gxf6 Nxf6 19.Qg3 Rce8 20.Bh3 Nd7 21.Qg4 Bc8 22.Qxe4 Rf6 23.Kh1 Rh6
24.Be6+ Kh8 25.Qg2 Bb7 26.Bf5 Nf8 27.f4 Ng6 28.Bxg6 Rxg6 29.Qe4 exf4 { ...1-0,
Ait Messaoud Aziz 2175 - Van Heirzeele Daniel 2223 , Belgium 2001 Ch Belgium
(team) 2000/01 } ) 10...Ne4 11.Nxe4 dxe4 { } 12.Qg3 f5 { ?! } ( 12...c5 { !? }
13.dxc5 Nd7 14.c6 Bxc6 { } ) 13.gxf6 Rxf6 14.Bd2 Rg6 15.Qf4 Nd7 16.Bc3 e5
17.Qf5 { ? } ( { ? } 17.dxe5 Nc5 18.h3 Qd7 19.Rd1 { } ) 17...exd4 18.Bxd4 Qe7
19.Bh3 Nc5 20.Bxc5 bxc5 21.Qd7 Qe5 22.O-O-O Rf8 23.Qd2 Rgf6 24.Rdf1 Qh5 25.Bg2
Rg6 26.Rfg1 Qh4 27.Bf1 Rxg1 28.Rxg1 Qxf2 29.Qxf2 Rxf2 30.Bh3 Rxh2 31.Be6+ Kf8
32.Rf1+ { ?! } ( 32.Rg5 { !? } 32...Rh6 33.Bd7 Rd6 34.Bh3 { } ) 32...Ke7
33.Bg8 g5 34.Rf7+ Kd6 35.Rg7 h6 36.b4 Re2 { ?! } ( 36...Rh1+ { !? } 37.Kd2
Rh2+ 38.Ke1 cxb4 { } ) 37.Rg6+ { ?! } ( 37.bxc5+ { !? } 37...Kxc5 38.Rxc7+ Kb6
39.Rh7 { } ) 37...Ke5 { ?! } ( 37...Ke7 { !? } 38.Rxh6 Kf8 39.Rg6 Rxe3 { } )
38.Re6+ Kf5 39.Re7 g4 40.Kd1 { ?! } ( 40.Be6+ { !? } 40...Kg5 41.Rg7+ Kf6
42.Bxg4 { } ) 40...Rb2 41.Ke1 g3 42.Kf1 h5 { ? } ( { ? } 42...cxb4 43.axb4 Kg4
44.Be6+ Kf3 { } ) 43.Rf7+ { ?! } ( 43.Rxc7 { !? } 43...cxb4 44.Bh7+ Ke5
45.Re7+ { } ) 43...Kg4 44.Rxc7 Kh3 { } {#R} 0-1

[Event "It (cat.8)"]
[Site "masterchessopen.com Alushta (Ukraine)"]
[Date "2004.05.27"]
[Round "7"]
[White "Taleb Moussa (UAE)"]
[Black "Itkis Boris (ROM)"]
[Result "1-0"]
[WhiteElo "2517"]
[BlackElo "2462"]

1.d4 Nf6 2.c4 e6 3.Nc3 Bb4 4.e3 b6 5.Ne2 Ba6 6.a3 Be7 7.Nf4 d5 8.cxd5 Bxf1
9.Kxf1 Nxd5 10.Ncxd5 exd5 11.Qh5 Bg5 12.Ne6 g6 13.Qxg5 fxe6 14.Qe5 Kd7 15.Qg7+
Kc8 16.Bd2 Nc6 17.Rc1 Kb7 18.Ke2 Qe7 19.Qxe7 Nxe7 20.f3 Rhd8 21.Be1 Nf5 22.g4
Nd6 23.Bb4 Nf7 24.h4 e5 25.h5 exd4 26.hxg6 hxg6 27.exd4 a5 28.Bd2 Rh8 29.Bf4
c6 30.Kd3 a4 31.Be5 Nxe5+ 32.dxe5 Raf8 33.Ke3 g5 34.Rh5 Rxh5 35.gxh5 Rf5 36.h6
Rxe5+ 37.Kf2 Re8 38.Kg3 Rh8 39.Rh1 d4 40.Kg4 c5 41.Kxg5 Kc6 42.h7 d3 43.Kg6
Kd5 44.f4 b5 45.f5 b4 46.f6 bxa3 47.bxa3 c4 48.f7 c3 49.Kg7 {#r} 1-0

[Event "Ch Europe"]
[Site "masterchessopen.com Antalya (Turkey)"]
[Date "2004.05.27"]
[Round "11"]
[White "Aronian Levon (ARM)"]
[Black "Istratescu Andrei (ROM)"]
[Result "1-0"]
[WhiteElo "2675"]
[BlackElo "2611"]

{ } 1.d4 { 1 } 1...Nf6 2.c4 e6 3.Nc3 Bb4 4.e3 b6 5.Ne2 Ba6 6.a3 Bxc3+ 7.Nxc3
d5 8.Qf3 O-O { = } 9.g4 ( 9.cxd5 exd5 10.Bxa6 Nxa6 11.Qe2 Qc8 12.O-O Re8
13.Bd2 c6 14.f3 c5 15.Rac1 Qb7 16.Nb5 Re6 17.b3 Rc8 18.Bc3 Nb8 19.dxc5 bxc5
20.Bxf6 Rxf6 21.Rfd1 Re6 22.Nc3 d4 23.Ne4 Qxb3 24.exd4 c4 25.d5 Ree8 26.Qf2
Qxa3 27.Ra1 Qb4 28.d6 c3 { ...1-0, Chandler Murray G 2450 - Goehring
Karl-Heinz 2335 , Germany 1980 Bundesliga 1980/81 } ) 9...Bb7 ( 9...c6 10.g5
Ne8 11.cxd5 cxd5 12.e4 Bxf1 13.Kxf1 Nc6 14.Be3 dxe4 15.Qxe4 Ne7 16.Rd1 Nc7
17.h4 Ncd5 18.Nxd5 Nxd5 19.Rh3 Qd7 20.Kg2 Rac8 21.Rf3 Qb5 22.Bc1 Qa4 23.Re1
Qc2 24.Qxc2 Rxc2 25.Rb3 Rfc8 26.Be3 Kf8 27.Kf3 Ke7 28.Re2 Kd7 29.Rxc2 {
...0-1, Paehtz Thomas 2455 - Bischoff Klaus 2495 , Germany 1991 Bundesliga
1990/91 } ) ( 9...Qc8 10.Rg1 Bb7 11.g5 Ne4 12.Nxe4 dxe4 13.Qh5 Nd7 14.Bd2 c5
15.Bc3 cxd4 16.exd4 e5 17.Rg3 Qc6 18.d5 Qd6 19.Rh3 h6 20.O-O-O f5 21.gxf6 Qxf6
22.Rg3 Kh7 23.Bg2 g6 24.Bxe4 Rg8 25.Bd2 Rg7 26.Rdg1 Nf8 27.Qxh6+ Kg8 28.Bxg6 {
1-0, Renet Olivier 2517 - Winants Luc 2415 , Budel 1987 It } ) 10.g5 ( 10.Bd3
Nbd7 11.g5 Ne4 12.Nxe4 dxe4 13.Bxe4 Bxe4 14.Qxe4 Qxg5 15.Qc6 Nf6 16.Bd2 Qf5
17.f3 Qc2 18.Bc3 Qd3 19.Bd2 Qc2 20.Ke2 Rac8 21.Rac1 Qf5 22.e4 Qh3 23.Rcg1 Nh5
24.Be3 Rfd8 25.Rg4 g6 26.Bf2 e5 27.dxe5 { 1/2-1/2, Bernal Moro Luis Javier
2400 - Rodriguez Lopez Rafael 2315 , Matalascanas 1995 Ch Spain } ) 10...Ne4
11.Nxe4 dxe4 { } 12.Qg3 f5 { ?! } ( 12...c5 { !? } 13.dxc5 Nd7 14.c6 Bxc6 { }
) 13.Bd2 { N } ( 13.gxf6 Rxf6 14.Bd2 Rg6 15.Qf4 Nd7 16.Bc3 e5 17.Qf5 exd4
18.Bxd4 Qe7 19.Bh3 Nc5 20.Bxc5 bxc5 21.Qd7 Qe5 22.O-O-O Rf8 23.Qd2 Rgf6
24.Rdf1 Qh5 25.Bg2 Rg6 26.Rfg1 Qh4 27.Bf1 Rxg1 28.Rxg1 Qxf2 29.Qxf2 Rxf2
30.Bh3 Rxh2 31.Be6+ Kf8 32.Rf1+ Ke7 { ...0-1, Mamedyarov Shakhriyar 2657 -
Istratescu Andrei 2587 , Antalya 24. 5.2004 Ch Europe } ) 13...a5 14.h4 Qd6
15.Be2 Nd7 { ?! } ( 15...f4 { !? } 16.Qg4 Nd7 17.O-O-O e5 { } ) 16.O-O-O { ?!
} ( 16.Qxd6 { !? } 16...cxd6 17.b4 Rfc8 18.bxa5 { } ) 16...Rae8 17.h5 Qxg3
18.fxg3 e5 19.Rhf1 Rf7 { ?! } ( 19...exd4 { !? } 20.exd4 e3 21.Bc3 Bg2 { } )
20.Bc3 exd4 21.exd4 Nf8 22.d5 Ba6 23.b4 axb4 24.axb4 g6 25.Kc2 Bc8 26.Ra1 h6 {
?! } ( 26...Rd7 { !? } 27.Ra8 Rde7 28.Bf6 Bb7 { } ) 27.hxg6 Nxg6 28.Rh1 f4
29.Rxh6 f3 30.Rxg6+ Kf8 31.b5 Rh7 32.Rf6+ Kg8 33.Bxf3 exf3 34.Rxf3 Bg4 35.Rf4
Bh5 36.Kb3 Bg6 37.Rh4 { } {#r} 1-0

[Event "It (open)"]
[Site "masterchessopen.com Kharkov (Ukraine)"]
[Date "2004.07.08"]
[Round "1"]
[White "Pelipenko Sergey (UKR)"]
[Black "Gutsko Anastasia (UKR)"]
[Result "1-0"]
[WhiteElo "2159"]
[BlackElo "2272"]

1.d4 Nf6 2.c4 e6 3.Nc3 Bb4 4.e3 b6 5.Ne2 Ba6 6.a3 Be7 7.Nf4 c5 8.d5 e5 9.Nh5
Nxh5 10.Qxh5 d6 11.e4 Bc8 12.Bd3 O-O 13.O-O g6 14.Qe2 Bf6 15.b4 cxb4 16.axb4
a5 17.bxa5 bxa5 18.Be3 Nd7 19.Na4 Qc7 20.Rfb1 Nc5 21.Nxc5 dxc5 22.Bc2 Bd7
23.Ba4 Bxa4 24.Rxa4 Rfb8 25.Rxb8+ Rxb8 26.Qa2 Bd8 27.Bd2 Qd7 28.h3 Ra8 29.Qb3
f5 30.exf5 gxf5 31.Qg3+ Qg7 32.Qxg7+ Kxg7 33.Bc3 Bc7 34.f4 Kf6 35.fxe5+ Bxe5
36.Rxa5 Rxa5 37.Bxa5 Bd6 38.Bc3+ Kg5 39.Bd2+ Kf6 40.Kf2 Ke5 41.Ke3 f4+ 42.Kf3
Kf5 43.Be1 Ke5 44.Bf2 Be7 45.g3 fxg3 46.Bxg3+ Kd4 47.d6 Bd8 48.d7 Kxc4 49.Kg4
Kd5 50.Bh4 {#r} 1-0

[Event "It (open)"]
[Site "masterchessopen.com Kharkov (Ukraine)"]
[Date "2004.07.17"]
[Round "9"]
[White "Grigorchuk Sergey (UKR)"]
[Black "Gutsko Anastasia (UKR)"]
[Result "1-0"]
[WhiteElo "2294"]
[BlackElo "2272"]

1.d4 Nf6 2.c4 e6 3.Nc3 Bb4 4.e3 b6 5.Ne2 Ba6 6.a3 Bxc3+ 7.Nxc3 d5 8.cxd5 Bxf1
9.Kxf1 exd5 10.Qf3 c6 11.g4 Qe7 12.Bd2 Nbd7 13.Rc1 O-O 14.h4 Rac8 15.h5 h6
16.Rg1 Ne4 17.Nxe4 dxe4 18.Qf5 Qe6 19.Bb4 Qxf5 20.gxf5 Rfe8 21.Bd6 c5 22.dxc5
bxc5 23.Ke2 Rc6 24.Rgd1 Rec8 25.Rc4 Nf6 26.Be5 Nxh5 27.Rxe4 c4 28.Red4 Nf6
29.Rd8+ Rxd8 30.Rxd8+ Kh7 31.Ra8 a6 32.f3 g5 33.Rd8 h5 34.e4 h4 35.Rd4 Nh5
36.Rd7 {#r} 1-0

[Event "It (open)"]
[Site "masterchessopen.com Plancoet (France)"]
[Date "2004.07.27"]
[Round "4"]
[White "Le Roux Jean-Pierre (FRA)"]
[Black "Istratescu Diana (ROM)"]
[Result "1-0"]
[WhiteElo "2460"]
[BlackElo "2118"]

1.d4 Nf6 2.c4 e6 3.Nc3 Bb4 4.e3 b6 5.Ne2 Ba6 6.a3 Bxc3+ 7.Nxc3 d5 8.b3 O-O
9.Bd3 c5 10.O-O dxc4 11.bxc4 Nc6 12.dxc5 Ne5 13.Be2 Bxc4 14.cxb6 axb6 15.Bd2
Bxe2 16.Qxe2 Qd3 17.Qxd3 Nxd3 18.Rfb1 Rfd8 19.Ra2 Rd6 20.f3 Nd7 21.Kf1 N3e5
22.Ke2 Nc4 23.Be1 g6 24.Ne4 Rc6 25.Rd1 Nc5 26.Nf6+ Kg7 27.Bc3 e5 28.Nd5 f6
29.Bb4 Na6 30.Be1 Kf7 31.Rc2 Rac8 32.Rc3 Ke6 33.e4 b5 34.Rb1 Rb8 35.Rcb3 Nc5
36.Rxb5 Rxb5 37.Rxb5 Nxa3 38.Rb8 Kf7 39.Bb4 Nc2 40.Bxc5 Rxc5 41.Rb7+ Ke6
42.Rb6+ Kf7 43.Rxf6+ Kg7 44.Rd6 Nd4+ 45.Kd3 Rc2 46.f4 Rxg2 47.fxe5 Nf3 48.e6
Ne5+ 49.Kc3 {#r} 1-0